Inventions by Countries 2 - Statistics

General Stats
  • This quiz has been taken 1,034 times
    263 since last reset
  • The average score is 12 of 18
Answer Stats
Hint Answer % Correct
Pizza Italy
100%
Train United Kingdom
97%
Gun Powder China
96%
Hot Air Balloon France
94%
Boomerang Australia
91%
Democracy Greece
91%
Nintendo Japan
91%
Cellular Phone United States
90%
Glue Stick Germany
76%
Garbage Bag Canada
66%
Radio Russia
64%
Cataract Surgery India
58%
Hair Extensions Brazil
52%
Mine Detector Poland
47%
Skype Estonia
36%
University Morocco
22%
Sugar Cube Czechia
19%
Diamond Scalpel Venezuela
9%
No matching quizzes found
Score Distribution
Percent of People with Each Score
Percentile by Number Answered
Your Score History
You have not taken this quiz since the last reset